Il bastone di Virginia Woolf /

সংরক্ষণ করুন:
গ্রন্থ-পঞ্জীর বিবরন
প্রধান লেখক: Sagalovitsch, Laurent
অন্যান্য লেখক: Kamkhagi, Vanessa
বিন্যাস: গ্রন্থ
ভাষা:ইতালিয়
প্রকাশিত: Milano : Baldini & Castoldi, 2013
মালা:I tascabili
ট্যাগগুলো: ট্যাগ যুক্ত করুন
কোনো ট্যাগ নেই, প্রথমজন হিসাবে ট্যাগ করুন!

MARC

LEADER 00000nam a22000007i 4500
001 IT\ICCU\UBO\4104453
003 ItRI
005 20260115232134.0
008 141022s2013 it |||||| ||||| |||||c
020 |a 9788868526627 
040 |b ita  |c importazione bologna sebina 
041 7 |a ita  |2 ISO-639-2 
082 |a 843.914  |9 NARRATIVA FRANCESE, 1945-1999  |2 23 
100 1 |a Sagalovitsch, Laurent  |0 IT\ICCU\USMV\784797 
240 1 3 |a La canne de Virginia.  |3 IT\ICCU\LO1\1282661  |9 Sagalovitsch, Laurent 
245 1 3 |a Il bastone di Virginia Woolf /  |c Laurent Sagalovitsch ; traduzione di Vanessa Kamkhagi. 
260 |a Milano :  |b Baldini & Castoldi,  |c 2013 
300 |a 102 p. ;  |c 20 cm 
700 1 |a Kamkhagi, Vanessa  |0 IT\ICCU\TO0V\593255 
830 2 |a I tascabili  |0 IT\ICCU\UBO\4061626 
942 |2 ddc  |c BK  |n 0 
952 |0 0  |1 0  |4 0  |6 L_843_914000000000000_SAG  |7 0  |9 20725  |a BO  |b BO  |d 2026-01-15  |i 17525  |l 0  |o L 843.914 SAG  |p BO17525  |r 2026-01-15 23:21:34  |w 2026-01-15  |x [Sebina 5] [1 v.]  |y BK  |z 1 v. 
999 |c 17704  |d 17704